| 000 | 00739nam a2200229 a 4500 | ||
|---|---|---|---|
| 999 |
_c5644 _d5644 |
||
| 001 | 5644 | ||
| 003 | BD-JhCC | ||
| 005 | 20171219125308.0 | ||
| 008 | 171214s19841990bg a|||| ||a| 000 0 ben d | ||
| 035 | _a(BD-JhCC)5644 | ||
| 040 |
_aBD-JhCC _dBD-JhCC |
||
| 041 | _aben | ||
| 082 |
_a516 _bHOS 1993 |
||
| 100 | _aদে, সৌরেন্দ্র নাথ | ||
| 245 |
_aব্যবসায় পরিসংখ্যান / _cসৌরেন্দ্র নাথ দে |
||
| 260 |
_aকলিকাতা : _bছায়া প্রকাশনী, _c1984. |
||
| 300 |
_a804 p. : _c22 cm. |
||
| 650 | _aCommercial Statistics | ||
| 700 | _a উদ্দীন, মোঃ কেতাব | ||
| 942 |
_2ddc _cBK |
||